000 00333nam a2200145Ia 4500
100 _aSastri/ S.S.
942 _cBK
654 _aNumerical Analysis
245 _aIntroductory Method Of Numerical Analysis
260 _bPrentice-hall
_aNEW DELHI
_c1979
082 _a519.4
_bSas
300 _a200
546 _aENGLISH
999 _c25111
_d25111